000 00389nam a2200145Ia 4500
005 20251222144633.0
008 251222s9999||||xx |||||||||||||| ||spa||
020 _a9786124676901
082 _a989.207.3/P39
100 _aPelaez Pérez, Mario
245 0 _aLa UPCI en el Diálogo Nacional
250 _a1ra.ed.
264 _bUniversidad Peruana de Ciencias e Informática
942 _cLIB
999 _c16373
_d16373